[Event "Toronto Closed"]
[Site "Toronto CAN"]
[Date "1984.01.31"]
[Round "2"]
[White "Yee, Lorne"]
[Black "Nickoloff, Bryon"]
[Result "1/2-1/2"]
[WhiteElo "2105"]
[BlackElo "2420"]
[PlyCount "65"]
[EventDate "1984.01.29"]
[EventType "tourn"]
[EventRounds "11"]
[EventCountry "CAN"]

1. d4 Nf6 2. c4 e6 3. Nf3 b6 4. g3 Ba6 5. Nbd2 Bb7 6. Bg2 c5 7. O-O Be7 8. dxc5
bxc5 9. b3 Qc7 10. Qc2 Nc6 11. Bb2 d6 12. Ne4 Nb4 13. Nxf6+ Bxf6 14. Qd2 Bxb2
15. Qxb2 O-O 16. Rfd1 a5 17. a3 Nc6 18. Qc2 h6 19. Rd2 a4 20. bxa4 Rab8 21. Rb1
Ba6 22. Rb5 Bxb5 23. axb5 Na5 24. a4 Rfd8 25. Ne1 Nb7 26. Nd3 Ra8 27. Nb2 Ra7
28. Qd1 Na5 29. Qc2 Qb6 30. e4 Nb7 31. Kf1 Qa5 32. Rd3 Qb6 33. Qd1 1/2-1/2

[Event "Toronto Closed"]
[Site "Toronto CAN"]
[Date "1984.02.07"]
[Round "4"]
[White "Pacey, Kevin"]
[Black "Nickoloff, Bryon"]
[Result "0-1"]
[WhiteElo "2105"]
[BlackElo "2364"]
[PlyCount "96"]
[EventDate "1984.01.29"]
[EventType "tourn"]
[EventRounds "11"]
[EventCountry "CAN"]

1. e4 c5 2. Nf3 e6 3. d4 cxd4 4. Nxd4 Nf6 5. Nc3 d6 6. Bc4 a6 7. Bb3 Be7 8. f4
Nc6 9. Be3 O-O 10. O-O Nxd4 11. Bxd4 b5 12. e5 dxe5 13. fxe5 Nd7 14. Qh5 Bc5
15. Bxc5 Nxc5 16. Rad1 Qb6 17. Kh1 Nxb3 18. axb3 Bb7 19. Rd3 Qc5 20. Rh3 h6 21.
Rf6 Qd4 22. Rg3 Qd2 23. h4 Qe1+ 24. Kh2 Qxg3+ 25. Kxg3 gxf6 26. Qxh6 fxe5 27.
Qf6 Kh7 28. Kh3 Rad8 29. Qxe5 Rg8 30. Ne4 Bxe4 31. Qxe4+ Kg7 32. Qe5+ Kf8 33.
Qc5+ Kg7 34. Qg5+ Kh7 35. Qf6 Rd7 36. h5 Rg7 37. g4 Rd1 38. Qf3 Rd5 39. c4 Rdg5
40. h6 Kxh6 41. Qf4 Kh7 42. Qe4+ R7g6 43. Qf3 Kg8 44. cxb5 axb5 45. Qc3 Rxg4
46. Qc8+ Kg7 47. Qc3+ Kh7 48. Qc7 Rg7 0-1

[Event "Toronto Closed"]
[Site "Toronto CAN"]
[Date "1984.02.??"]
[Round "5"]
[White "Nickoloff, Bryon"]
[Black "Pajak, John"]
[Result "1-0"]
[WhiteElo "2420"]
[BlackElo "2161"]
[PlyCount "77"]
[EventDate "1984.01.29"]
[EventType "tourn"]
[EventRounds "11"]
[EventCountry "CAN"]

1. Nf3 Nf6 2. c4 g6 3. Nc3 Bg7 4. d4 O-O 5. Bf4 d6 6. e3 Nbd7 7. h3 c5 8. Be2
Qa5 9. O-O a6 10. a3 Rb8 11. Qc2 cxd4 12. exd4 e5 13. Bh2 Nh5 14. Rad1 b5 15.
b4 Qc7 16. Nd5 Qd8 17. c5 Bb7 18. dxe5 Nxe5 19. Nxe5 dxe5 20. c6 Rc8 21. Qc5
Qg5 22. Ne7+ Kh8 23. Rd7 Ba8 24. f4 Qh4 25. Bxh5 Qxh5 26. Nxc8 Rxc8 27. Qe7 Rg8
28. Rc7 Qe2 29. fxe5 Qc2 30. Qd7 Bh6 31. Qxf7 Bg7 32. Qxg8+ Kxg8 33. Rc8+ Bf8
34. Rcxf8+ Kg7 35. Rxa8 g5 36. e6 Qxc6 37. Be5+ Kg6 38. Rg8+ Kh5 39. e7 1-0

[Event "Toronto Closed"]
[Site "Toronto CAN"]
[Date "1984.02.??"]
[Round "6"]
[White "Morrison, Robert"]
[Black "Nickoloff, Bryon"]
[Result "1/2-1/2"]
[WhiteElo "2380"]
[BlackElo "2420"]
[PlyCount "113"]
[EventDate "1984.01.29"]
[EventType "tourn"]
[EventRounds "11"]
[EventCountry "CAN"]

1. e4 e5 2. Nf3 Nc6 3. Bb5 a6 4. Ba4 Nf6 5. O-O Be7 6. Bxc6 dxc6 7. d3 Nd7 8.
Nbd2 O-O 9. Nc4 Bd6 10. b3 Re8 11. Bb2 c5 12. a4 f6 13. Nh4 Nf8 14. Nf5 Ne6 15.
g3 Bf8 16. f4 exf4 17. gxf4 b6 18. Rf2 Qd7 19. Qh5 Qf7 20. Qh4 Bb7 21. Raf1 Nd4
22. Nxd4 cxd4 23. f5 b5 24. Na5 c5 25. Rg2 Bc8 26. Bc1 Bd7 27. Rf3 Kh8 28. Rh3
Qg8 29. Rhg3 Bxf5 30. Bh6 Ra7 31. Nc6 Rc7 32. axb5 axb5 33. exf5 Rxc6 34. Bxg7+
Bxg7 35. Rxg7 Qxg7 36. Rxg7 Kxg7 37. Qg4+ Kh8 38. Qf3 Rc7 39. Qd5 Kg7 40. Kf2
Re5 41. Qg2+ Kf7 42. Qh3 Kg7 43. b4 Kh8 44. Qh4 Rxf5+ 45. Ke1 cxb4 46. Qxd4 Kg7
47. Qxb4 Rfc5 48. c3 Rxc3 49. Qxb5 Rc2 50. Qb6 Rd7 51. Qe3 Rb7 52. Qg3+ Kf7 53.
Kd1 Ra2 54. Kc1 Re7 55. Qh4 Ree2 56. Qxh7+ Ke6 57. Qg8+ 1/2-1/2

[Event "Toronto Closed"]
[Site "Toronto CAN"]
[Date "1984.02.??"]
[Round "11"]
[White "Day, Lawrence"]
[Black "Nickoloff, Bryon"]
[Result "1/2-1/2"]
[WhiteElo "2435"]
[BlackElo "2420"]
[PlyCount "81"]
[EventDate "1984.01.29"]
[EventType "tourn"]
[EventRounds "11"]
[EventCountry "CAN"]

1. d4 Nf6 2. Nf3 b6 3. Bg5 Bb7 4. Nbd2 g6 5. e3 Bg7 6. c3 O-O 7. Bd3 d5 8. Bxf6
Bxf6 9. h4 Nd7 10. h5 e5 11. dxe5 Nxe5 12. Nxe5 Bxe5 13. Qg4 Bc8 14. Qa4 a6 15.
Nf3 Bg7 16. hxg6 fxg6 17. Rd1 Qf6 18. Rh4 Bb7 19. Qd7 Rf7 20. Qh3 Qe7 21. Ke2
Bf6 22. Rh6 Rd8 23. Rh1 Bc8 24. Qg3 Rg7 25. Kd2 b5 26. Kc2 c5 27. Kb1 c4 28.
Bc2 b4 29. Nd4 bxc3 30. bxc3 Bf5 31. Nxf5 gxf5 32. Rxh7 Rxg3 33. Rxe7 Rxg2 34.
Rd7 Bxc3 35. Rxd5 Rxf2 36. Rg1+ Kh8 37. Kc1 Bg7 38. Rc5 Bh6 39. Rh1 Rf1+ 40.
Rxf1 Bxe3+ 41. Kb2 1/2-1/2

[Event "CAN-ch"]
[Site "Ottawa CAN"]
[Date "1984.07.??"]
[Round "3"]
[White "Nickoloff, Bryon"]
[Black "Piasetski, Leon"]
[Result "1/2-1/2"]
[WhiteElo "2420"]
[BlackElo "2390"]
[PlyCount "84"]
[EventDate "1984.??.??"]
[EventType "tourn"]
[EventRounds "15"]
[EventCountry "CAN"]

1. Nf3 b6 2. g3 Bb7 3. Bg2 c5 4. c4 g6 5. O-O Bg7 6. Nc3 Nc6 7. e3 Nf6 8. d4
Na5 9. b3 d5 10. cxd5 Nxd5 11. Bb2 O-O 12. Rc1 Rc8 13. dxc5 Nb4 14. Ba3 bxc5
15. Na4 Nxa2 16. Rc2 Qxd1 17. Rxd1 Nb4 18. Rxc5 Rxc5 19. Nxc5 Bxf3 20. Bxf3 Nc2
21. Bc1 Rc8 22. Bd2 Rxc5 23. b4 Rf5 24. Be4 Nc4 25. Bxc2 Rd5 26. Be1 Rxd1 27.
Bxd1 e6 28. Be2 Nb6 29. e4 Bd4 30. Bb5 Kf8 31. Kf1 Ke7 32. Ke2 f5 33. f3 Nc8
34. Kd3 Bg1 35. h3 Nd6 36. Ba4 fxe4+ 37. fxe4 Nf7 38. Bc3 Ng5 39. h4 Nf7 40.
Bb5 Nd6 41. Ba4 Bf2 42. Be5 a6 1/2-1/2

[Event "CAN-ch"]
[Site "Ottawa CAN"]
[Date "1984.07.??"]
[Round "4"]
[White "Findlay, Ian"]
[Black "Nickoloff, Bryon"]
[Result "1-0"]
[WhiteElo "2305"]
[BlackElo "2420"]
[PlyCount "59"]
[EventDate "1984.??.??"]
[EventType "tourn"]
[EventRounds "15"]
[EventCountry "CAN"]

1. e4 c5 2. Nf3 e6 3. d4 cxd4 4. Nxd4 Nf6 5. Nc3 d6 6. Be2 Be7 7. O-O Nc6 8.
Be3 O-O 9. f4 Bd7 10. Kh1 a6 11. a4 Qc7 12. Qe1 Rac8 13. Qg3 Nb4 14. Bd3 b6 15.
Rae1 Qb7 16. f5 Kh8 17. Rf3 e5 18. Nde2 d5 19. Qxe5 Rfe8 20. exd5 Nfxd5 21.
Nxd5 Nxd5 22. Bxa6 Qxa6 23. Qxd5 Bc6 24. Qxf7 Bf6 25. Rh3 Qb7 26. Qg6 h6 27.
Nf4 Rcd8 28. Ne6 Rc8 29. c3 Be4 30. Bxh6 1-0

[Event "CAN-ch"]
[Site "Ottawa CAN"]
[Date "1984.07.??"]
[Round "5"]
[White "Nickoloff, Bryon"]
[Black "Berry, Jonathan"]
[Result "1/2-1/2"]
[WhiteElo "2420"]
[BlackElo "2290"]
[PlyCount "68"]
[EventDate "1984.??.??"]
[EventType "tourn"]
[EventRounds "15"]
[EventCountry "CAN"]

1. d4 f5 2. g3 Nf6 3. Bg2 d6 4. Nf3 c6 5. b3 g6 6. O-O Bg7 7. Bb2 O-O 8. Nbd2
Qc7 9. e3 Ne4 10. Nxe4 fxe4 11. Nd2 d5 12. c4 Bf5 13. f3 exf3 14. Bxf3 Bd3 15.
Be2 Rxf1+ 16. Qxf1 Bxe2 17. Qxe2 Nd7 18. e4 e5 19. exd5 cxd5 20. Rc1 Qd6 21.
cxd5 Qxd5 22. Rc7 b5 23. dxe5 Re8 24. Nf3 a6 25. h4 h6 26. Kh2 Nc5 27. Qe3 Ne6
28. Rc2 Rf8 29. Rf2 Nc5 30. Rf1 Nd3 31. Bd4 Nxe5 32. Bxe5 Bxe5 33. Kg2 Bg7 34.
Rf2 Qc6 1/2-1/2

[Event "CAN-ch"]
[Site "Ottawa CAN"]
[Date "1984.07.??"]
[Round "8"]
[White "Pelts, Roman"]
[Black "Nickoloff, Bryon"]
[Result "1/2-1/2"]
[WhiteElo "2435"]
[BlackElo "2420"]
[PlyCount "44"]
[EventDate "1984.??.??"]
[EventType "tourn"]
[EventRounds "15"]
[EventCountry "CAN"]

1. d4 Nf6 2. c4 e6 3. Nf3 b6 4. g3 Ba6 5. Qa4 c6 6. Bg2 b5 7. cxb5 cxb5 8. Qb3
Nc6 9. O-O Rc8 10. Bg5 Be7 11. Nbd2 Qb6 12. Rfc1 O-O 13. e3 h6 14. Bxf6 Bxf6
15. Bf1 Be7 16. a4 Rb8 17. axb5 Bxb5 18. Bxb5 Qxb5 19. Qxb5 Rxb5 20. Nc4 f6 21.
Ne1 Rfb8 22. Ra6 Kf7 1/2-1/2

[Event "CAN-ch"]
[Site "Ottawa CAN"]
[Date "1984.07.??"]
[Round "10"]
[White "Nickoloff, Bryon"]
[Black "Baragar, Fletcher"]
[Result "1-0"]
[WhiteElo "2420"]
[BlackElo "2280"]
[PlyCount "65"]
[EventDate "1984.??.??"]
[EventType "tourn"]
[EventRounds "15"]
[EventCountry "CAN"]

1. d4 Nf6 2. c4 e6 3. Nf3 b6 4. g3 Ba6 5. b3 Bb4+ 6. Bd2 Be7 7. Nc3 c6 8. e4 d5
9. e5 Ne4 10. Bd3 Nxc3 11. Bxc3 c5 12. dxc5 Bxc5 13. Qe2 Bb7 14. O-O O-O 15.
Rad1 Qe7 16. b4 dxc4 17. Be4 Na6 18. bxc5 Nxc5 19. Bxb7 Qxb7 20. Rd4 b5 21. Bb4
Rfc8 22. Rg4 a5 23. Bd2 Rd8 24. Bh6 g6 25. Be3 Ne4 26. Bd4 Nc3 27. Bxc3 Rd3 28.
Ng5 Rxc3 29. Ne4 Rd3 30. Rf4 Qb6 31. Ng5 Rf8 32. Rh4 Rd4 33. Qe3 1-0

[Event "CAN-ch"]
[Site "Ottawa CAN"]
[Date "1984.07.??"]
[Round "11"]
[White "Taylor, Gordon"]
[Black "Nickoloff, Bryon"]
[Result "1/2-1/2"]
[WhiteElo "2325"]
[BlackElo "2420"]
[PlyCount "81"]
[EventDate "1984.??.??"]
[EventType "tourn"]
[EventRounds "15"]
[EventCountry "CAN"]

1. d4 Nf6 2. c4 e6 3. g3 c5 4. d5 exd5 5. cxd5 d6 6. Nc3 g6 7. Bg2 Bg7 8. Nf3
O-O 9. O-O Qe7 10. Nd2 b6 11. a4 Ba6 12. Ra3 Nbd7 13. Nb5 Bxb5 14. axb5 Ne8 15.
Nc4 Ne5 16. Nxe5 Qxe5 17. e4 Nc7 18. Rb3 a6 19. Bf4 Qe7 20. bxa6 Rxa6 21. Re1
b5 22. Qd2 Re8 23. Ra3 Rxa3 24. bxa3 Qd7 25. Qa5 b4 26. axb4 Nxd5 27. Bd2 Nxb4
28. Bxb4 cxb4 29. Qxb4 Qc7 30. Rd1 Qc5 31. Qa4 Rb8 32. Bf3 Bc3 33. Rd5 Rb1+ 34.
Kg2 Qb6 35. Be2 Be1 36. Qd4 Qxd4 37. Rxd4 Rb2 38. Kf3 Bb4 39. Rd5 Rc2 40. Rd4
Bc5 41. Rc4 1/2-1/2

[Event "CAN-ch"]
[Site "Ottawa CAN"]
[Date "1984.07.??"]
[Round "13"]
[White "Hartman, Brian"]
[Black "Nickoloff, Bryon"]
[Result "1-0"]
[WhiteElo "2230"]
[BlackElo "2420"]
[PlyCount "45"]
[EventDate "1984.??.??"]
[EventType "tourn"]
[EventRounds "15"]
[EventCountry "CAN"]

1. e4 c5 2. Nf3 e6 3. d4 cxd4 4. Nxd4 Nf6 5. Nc3 d6 6. f4 Nc6 7. Be3 Be7 8. Qf3
O-O 9. O-O-O Bd7 10. Rg1 Nxd4 11. Bxd4 Bc6 12. g4 d5 13. g5 Nxe4 14. Bxg7 Kxg7
15. Nxe4 Qb6 16. Nf2 Bc5 17. Qc3+ f6 18. gxf6+ Kh8 19. Qe5 Rf7 20. Rg7 Raf8 21.
Ng4 Be8 22. Qh5 Be3+ 23. Kb1 1-0

[Event "CAN-ch"]
[Site "Ottawa CAN"]
[Date "1984.07.??"]
[Round "14"]
[White "Nickoloff, Bryon"]
[Black "Hawkes, Rob"]
[Result "1-0"]
[WhiteElo "2420"]
[BlackElo "2365"]
[PlyCount "125"]
[EventDate "1984.??.??"]
[EventType "tourn"]
[EventRounds "15"]
[EventCountry "CAN"]

1. d4 g6 2. c4 Bg7 3. Nc3 d6 4. Nf3 c6 5. e4 a6 6. Rb1 b5 7. b4 Bg4 8. a4 bxc4
9. Bxc4 e6 10. Be3 Ne7 11. Qd2 Bxf3 12. gxf3 d5 13. Be2 h5 14. a5 c5 15. Na4 c4
16. O-O Nbc6 17. Rfd1 Na7 18. Nc5 Nb5 19. f4 O-O 20. f5 exf5 21. e5 c3 22. Qc1
c2 23. Qxc2 Na3 24. Qa4 Nxb1 25. Rxb1 Qc8 26. Qd7 Qxd7 27. Nxd7 Rfd8 28. Nc5
Nc6 29. Bxa6 f4 30. Bb7 Nxb4 31. Bxa8 Rxa8 32. Bd2 Nc6 33. Bc3 f3 34. Rb5 f6
35. exf6 Bxf6 36. Nb3 Rb8 37. Rxb8+ Nxb8 38. Nd2 Kf7 39. Nxf3 Ke6 40. Ne5 g5
41. f3 Kd6 42. Kf2 Kc7 43. Ke3 Kb7 44. h3 Ka6 45. Kd3 Bd8 46. Bd2 Kb5 47. Nf7
Bxa5 48. Bxa5 Kxa5 49. Nxg5 Kb6 50. Ne6 Nd7 51. Ke3 Kc6 52. Kf4 Kd6 53. Ng7 h4
54. Kg5 Nb8 55. Kxh4 Nc6 56. Nf5+ Ke6 57. Kg5 Nd8 58. Kg6 Nf7 59. Ne3 Nd6 60.
h4 Nc4 61. Nf1 Nd6 62. Ng3 Nb5 63. Ne2 1-0

[Event "CAN-ch"]
[Site "Ottawa CAN"]
[Date "1984.07.??"]
[Round "15"]
[White "Horton, Joe"]
[Black "Nickoloff, Bryon"]
[Result "0-1"]
[WhiteElo "2200"]
[BlackElo "2420"]
[PlyCount "98"]
[EventDate "1984.??.??"]
[EventType "tourn"]
[EventRounds "15"]
[EventCountry "CAN"]

1. Nf3 Nf6 2. g3 b5 3. a4 b4 4. Bg2 Bb7 5. O-O e6 6. c4 c5 7. d4 cxd4 8. Nxd4
Bxg2 9. Kxg2 d5 10. cxd5 Qxd5+ 11. Kg1 a6 12. Nf3 Nbd7 13. Qxd5 Nxd5 14. Nbd2
Rc8 15. Nb3 Be7 16. Bg5 f6 17. Rac1 Kf7 18. Rxc8 Rxc8 19. Rc1 Rxc1+ 20. Bxc1
N5b6 21. a5 Nc4 22. Nfd2 Nxd2 23. Nxd2 Nc5 24. Nc4 Nb3 25. Be3 Ke8 26. Nd2 Nxa5
27. Bb6 Nb7 28. Kg2 Kd7 29. Kf3 Kc6 30. Bd4 a5 31. Ke4 Nc5+ 32. Bxc5 Bxc5 33.
f3 a4 34. Kd3 Kb5 35. Kc2 Bd4 36. Ne4 Kc6 37. Nd2 Kd5 38. Ne4 Bg1 39. h3 Be3
40. g4 f5 41. Ng3 g6 42. Nf1 Kd4 43. Ng3 Bf4 44. Nf1 fxg4 45. fxg4 e5 46. Kb1
e4 47. Kc2 b3+ 48. Kb1 e3 49. Ka1 Ke5 0-1

[Event "Pan-Am intercoll."]
[Site "Worcester USA"]
[Date "1982.12.??"]
[Round "?"]
[White "Benjamin, Joel"]
[Black "Nickoloff, Bryon"]
[Result "1-0"]
[WhiteElo "2450"]
[BlackElo "2425"]
[PlyCount "75"]
[EventDate "1983.12.26"]
[EventType "team"]
[EventRounds "8"]
[EventCountry "USA"]

1. d4 Nf6 2. c4 e6 3. Nf3 Bb4+ 4. Bd2 a5 5. g3 d5 6. Qc2 Nc6 7. Bg2 dxc4 8.
Qxc4 Qd5 9. Qxd5 exd5 10. O-O Bf5 11. Bf4 O-O-O 12. Rc1 Rhe8 13. a3 Bd6 14.
Bxd6 Rxd6 15. Nc3 Kb8 16. e3 Bd3 17. Ne1 Bc4 18. Rab1 Ne7 19. b3 Ba6 20. Nf3
Nd7 21. b4 axb4 22. axb4 Bd3 23. Ra1 c6 24. Na4 f6 25. Bh3 Bf5 26. Bf1 Rc8 27.
b5 cxb5 28. Bxb5 Rxc1+ 29. Rxc1 Nc8 30. Nc5 Na7 31. Nh4 Bh3 32. Bf1 Be6 33.
Nxe6 Rxe6 34. Bh3 Re7 35. Nf5 Rf7 36. Nd6 Re7 37. Rb1 Kc7 38. Nxb7 1-0

[Event "Santa Claus op"]
[Site "Toronto CAN"]
[Date "1983.12.10"]
[Round "2"]
[White "Pacey, Kevin"]
[Black "Nickoloff, Bryon"]
[Result "1/2-1/2"]
[WhiteElo "2096"]
[BlackElo "2345"]
[PlyCount "79"]
[EventDate "1983.12.10"]
[EventType "swiss"]
[EventRounds "5"]
[EventCountry "CAN"]

1. e4 c5 2. Nf3 e6 3. d4 cxd4 4. Nxd4 Nf6 5. Nc3 d6 6. Be2 Be7 7. O-O Nc6 8.
Be3 O-O 9. Kh1 Bd7 10. f4 a6 11. Qe1 b5 12. a3 Qb8 13. Qg3 b4 14. axb4 Qxb4 15.
Nxc6 Bxc6 16. e5 dxe5 17. fxe5 Ne4 18. Nxe4 Bxe4 19. Bd3 Bxd3 20. cxd3 f5 21.
exf6 Bxf6 22. Qh3 Qb3 23. Bc5 Rf7 24. Rae1 e5 25. Ba3 Rd8 26. Rf3 Qd5 27. Qg4
Kh8 28. h3 Rfd7 29. Ref1 Qb5 30. Qe6 Rg8 31. Rxf6 gxf6 32. Qxf6+ Rdg7 33. Bf8
Qb7 34. Bxg7+ Qxg7 35. Qxg7+ Kxg7 36. Ra1 Rb8 37. Rxa6 Rxb2 38. Kh2 Rd2 39. Re6
Rxd3 40. Rxe5 1/2-1/2

[Event "CAN-op"]
[Site "Toronto CAN"]
[Date "1983.07.09"]
[Round "1"]
[White "Nickoloff, Bryon"]
[Black "Pacey, Kevin"]
[Result "1-0"]
[WhiteElo "2324"]
[BlackElo "2041"]
[PlyCount "81"]
[EventDate "1983.07.09"]
[EventType "swiss"]
[EventRounds "10"]
[EventCountry "CAN"]

1. e4 e6 2. d4 d5 3. Nd2 Nc6 4. Ngf3 Nf6 5. e5 Nd7 6. Bb5 a5 7. O-O Na7 8. Bd3
c5 9. c3 c4 10. Bc2 b5 11. b3 Nb6 12. bxc4 bxc4 13. a4 Bd7 14. Re1 Rb8 15. Nf1
Be7 16. Ng3 h5 17. h4 Bxh4 18. Nxh4 Qxh4 19. Ne2 g5 20. g3 Qg4 21. Kg2 h4 22.
f3 h3+ 23. Kf2 Qh5 24. Rh1 h2 25. g4 Qh4+ 26. Ng3 Bc6 27. Qd2 Nd7 28. Ra2 Nc8
29. Qxg5 Qxg5 30. Bxg5 Rg8 31. Bc1 Ncb6 32. Rxh2 Nf8 33. Nh5 Nbd7 34. Nf4 Rb7
35. Rh6 Kd8 36. Kg3 Kc8 37. Ba3 Nb6 38. Bd6 Rd7 39. Nh5 Rd8 40. Nf6 Rg7 41. Be7
1-0

[Event "CAN-op"]
[Site "Toronto CAN"]
[Date "1983.07.11"]
[Round "4"]
[White "Shamkovich, Leonid"]
[Black "Nickoloff, Bryon"]
[Result "1-0"]
[WhiteElo "2480"]
[BlackElo "2324"]
[PlyCount "121"]
[EventDate "1983.07.09"]
[EventType "swiss"]
[EventRounds "10"]
[EventCountry "CAN"]

1. e4 e5 2. Nf3 Nc6 3. Bb5 a6 4. Ba4 Nf6 5. O-O Be7 6. Re1 b5 7. Bb3 d6 8. c3
O-O 9. h3 Nd7 10. d4 Bf6 11. d5 Ne7 12. Nbd2 Bb7 13. Nf1 Nb6 14. Ne3 g6 15. h4
Qd7 16. h5 c6 17. dxc6 Nxc6 18. Nh2 Na5 19. Neg4 Bg7 20. hxg6 hxg6 21. Bc2 d5
22. exd5 Rfe8 23. Nh6+ Kf8 24. b3 Nxd5 25. Ba3+ Re7 26. N6g4 b4 27. cxb4 Nc6
28. Be4 Nd4 29. b5 axb5 30. Bxe7+ Qxe7 31. Rc1 f5 32. Bxd5 Bxd5 33. Ne3 Bb7 34.
Qd2 Kg8 35. Nc2 Ne6 36. Nb4 Rd8 37. Qc3 e4 38. Nc6 Qd7 39. Qg3 Bxc6 40. Qxg6
Nd4 41. Nf1 Rf8 42. Ng3 Rf6 43. Qh5 Qe6 44. Ne2 Nxe2+ 45. Rxe2 Be8 46. Qg5 Rg6
47. Qd8 Kh7 48. Rc7 Qe5 49. Rec2 Rd6 50. Qh4+ Rh6 51. Qg3 Qxg3 52. fxg3 Rd6 53.
Re7 Bc6 54. Rc7 Bd7 55. Rb7 Be5 56. Kf1 Rd3 57. Ke2 Kg6 58. Rd2 Rxd2+ 59. Kxd2
Be8 60. Re7 Bxg3 61. Rxe8 1-0

[Event "CAN-op"]
[Site "Toronto CAN"]
[Date "1983.07.15"]
[Round "7"]
[White "Day, Lawrence"]
[Black "Nickoloff, Bryon"]
[Result "1/2-1/2"]
[WhiteElo "2448"]
[BlackElo "2324"]
[PlyCount "42"]
[EventDate "1983.07.09"]
[EventType "swiss"]
[EventRounds "10"]
[EventCountry "CAN"]

1. d4 Nf6 2. c4 e6 3. Nf3 b6 4. a3 Bb7 5. Nc3 d5 6. cxd5 exd5 7. g3 Be7 8. Bg2
O-O 9. O-O c5 10. Bf4 Na6 11. Rc1 Qd7 12. Re1 Rfd8 13. Ne5 Qe8 14. dxc5 Nxc5
15. Nd3 Nfe4 16. Nb1 Bc6 17. Nxc5 Bxc5 18. Rf1 a5 19. Nc3 Ra7 20. Nxe4 dxe4 21.
Qc2 Ba8 1/2-1/2

[Event "CAN-op"]
[Site "Toronto CAN"]
[Date "1983.07.16"]
[Round "9"]
[White "Ivanovic, Bozidar"]
[Black "Nickoloff, Bryon"]
[Result "1-0"]
[WhiteElo "2480"]
[BlackElo "2336"]
[PlyCount "77"]
[EventDate "1983.07.09"]
[EventType "swiss"]
[EventRounds "10"]
[EventCountry "CAN"]

1. e4 c5 2. Nf3 e6 3. d4 cxd4 4. Nxd4 Nf6 5. Nc3 d6 6. g4 h6 7. h4 Nc6 8. Rg1
d5 9. Bb5 Bd7 10. exd5 Nxd5 11. Nxd5 exd5 12. Be3 Be7 13. Qe2 Nxd4 14. Bxd7+
Qxd7 15. Bxd4 O-O 16. O-O-O Rfe8 17. f4 Bd6 18. Qf3 Qa4 19. Kb1 Re4 20. c3 Bxf4
21. g5 Qc6 22. gxh6 Bxh6 23. h5 Qe6 24. Rdf1 Re8 25. Bxg7 Bxg7 26. h6 Qxh6 27.
Qxf7+ Kh8 28. Rh1 Rf8 29. Rxh6+ Bxh6 30. Qxf8+ Bxf8 31. Rxf8+ Kg7 32. Rd8 Kf7
33. Rxd5 Ke6 34. Rd8 Rh4 35. Kc2 Rh2+ 36. Kb3 Rg2 37. a4 Rh2 38. Ka3 Rh7 39.
Kb4 1-0

[Event "CAN-op"]
[Site "Toronto CAN"]
[Date "1983.07.17"]
[Round "10"]
[White "Delaune, Richard"]
[Black "Nickoloff, Bryon"]
[Result "1-0"]
[WhiteElo "2415"]
[BlackElo "2324"]
[PlyCount "73"]
[EventDate "1983.07.09"]
[EventType "swiss"]
[EventRounds "10"]
[EventCountry "CAN"]

1. c4 e6 2. g3 Nf6 3. Bg2 d5 4. Nf3 dxc4 5. O-O a6 6. a4 Nc6 7. a5 Bd7 8. b3
cxb3 9. Qxb3 Rb8 10. d4 Na7 11. Re1 Bc6 12. Nbd2 Nb5 13. Bb2 Ne4 14. Nc4 Nf6
15. Ncd2 Ne4 16. Nc4 Bd5 17. Qa4 Ned6 18. Nxd6+ cxd6 19. e4 Bc6 20. d5 Bd7 21.
e5 Nc7 22. Qd1 Nxd5 23. exd6 Nf6 24. Be5 g6 25. Qd4 Bg7 26. Ng5 O-O 27. Ne4 Ne8
28. Bxg7 Nxg7 29. Nf6+ Kh8 30. g4 b6 31. Re3 e5 32. Qxe5 bxa5 33. Rh3 h5 34.
Qg5 Qxf6 35. Qxf6 Bxg4 36. Rc3 Rbe8 37. h3 1-0

[Event "Toronto-Tch"]
[Site "Toronto CAN"]
[Date "1983.04.??"]
[Round "?"]
[White "Nickoloff, Bryon"]
[Black "Chrolavicius, Joseph"]
[Result "1-0"]
[WhiteElo "2313"]
[BlackElo "2042"]
[PlyCount "81"]
[EventDate "1983.??.??"]
[EventType "team"]
[EventCountry "CAN"]
[WhiteTeam "TCC"]
[BlackTeam "Lithuanians"]

1. d4 Nf6 2. c4 g6 3. Nc3 c5 4. d5 e6 5. e4 exd5 6. e5 Ne4 7. Nxd5 Qa5+ 8. b4
cxb4 9. Qd4 f5 10. exf6 Nd6 11. f7+ Nxf7 12. Qe4+ Kd8 13. Qh4+ Ke8 14. Bb2 Nc6
15. Qe4+ Ne7 16. Nf3 d6 17. Be2 Bf5 18. Nf6+ Kd8 19. Qxb7 Rc8 20. Nd4 b3+ 21.
Kf1 bxa2 22. g4 Rc7 23. Qb5 Qxb5 24. Nxb5 Be6 25. Nxc7 Kxc7 26. Ne8+ Kd8 27.
Bxh8 Nxh8 28. Nxd6 Nc6 29. Nb5 Nb4 30. Nc3 Bg7 31. Nxa2 Bxa1 32. Nxb4 Nf7 33.
Kg2 Bc3 34. Nc6+ Kc7 35. Nxa7 Bb4 36. Nb5+ Kb6 37. Nd4 Bd7 38. Rb1 Kc5 39. Nb3+
Kd6 40. f4 Bc6+ 41. Bf3 1-0

[Event "Puebla"]
[Site "MEX"]
[Date "1982.??.??"]
[Round "?"]
[White "Nickoloff, Bryon"]
[Black "Frey Beckman, Kenneth"]
[Result "0-1"]
[WhiteElo "2410"]
[BlackElo "2405"]
[PlyCount "136"]
[EventDate "1982.??.??"]
[EventCountry "MEX"]

1. e4 e5 2. Nf3 Nc6 3. Bb5 a6 4. Ba4 Nf6 5. O-O Be7 6. Re1 b5 7. Bb3 d6 8. c3
O-O 9. h3 Re8 10. Ng5 Rf8 11. d4 h6 12. Nf3 Re8 13. Be3 Bf8 14. Nbd2 Bb7 15.
Qb1 Nb8 16. Bc2 Nbd7 17. b3 c5 18. d5 Qc7 19. Bd3 Rab8 20. Qc2 Bc8 21. a4 Be7
22. axb5 axb5 23. Ra3 Nf8 24. Rea1 Bd7 25. Ra6 Ng6 26. Qa2 Rb7 27. Bf1 Nh7 28.
Qa5 Qxa5 29. R1xa5 Reb8 30. Ne1 Nf6 31. Ra8 Rxa8 32. Rxa8+ Ne8 33. Nc2 Nf8 34.
Be2 Nc7 35. Ra2 f5 36. f3 f4 37. Bf2 Kf7 38. b4 c4 39. Ra5 Be8 40. Na3 Nd7 41.
Kf1 Nb8 42. Ke1 Nca6 43. Ndxc4 bxc4 44. Nxc4 Kf6 45. Kd2 Nc7 46. Nb6 Nd7 47.
Nc8 Rb8 48. Nxe7 Kxe7 49. Kc2 Nb6 50. Ra7 Kd8 51. c4 Nc8 52. Ra5 Rxb4 53. c5
Ra4 54. Rxa4 Bxa4+ 55. Kc3 dxc5 56. Bxc5 Bb5 57. Bc4 Bxc4 58. Kxc4 Kd7 59. Bf2
Nd6+ 60. Kb4 g5 61. Kc3 Nce8 62. Kd3 Nf6 63. Be1 h5 64. Bc3 Nf7 65. Bb4 Ng8 66.
Be1 Ne7 67. h4 g4 68. g3 gxf3 0-1

[Event "Mexico City"]
[Site "Mexico City MEX"]
[Date "1981.??.??"]
[Round "?"]
[White "Armas, Jorge"]
[Black "Nickoloff, Bryon"]
[Result "0-1"]
[WhiteElo "2465"]
[BlackElo "2410"]
[PlyCount "46"]
[EventDate "1981.??.??"]
[EventCountry "MEX"]

1. e4 c5 2. Nc3 Nc6 3. Nge2 e6 4. d4 cxd4 5. Nxd4 Nf6 6. Ndb5 d6 7. Bf4 e5 8.
Bg5 a6 9. Na3 Be6 10. Nc4 Rc8 11. Ne3 Be7 12. Bxf6 Bxf6 13. Ncd5 Bg5 14. g3
Bxe3 15. Nxe3 Qb6 16. b3 Qb4+ 17. Qd2 Qxe4 18. Bg2 Qd4 19. Qxd4 exd4 20. Nd5
Bxd5 21. Bxd5 Nb4 22. Bxb7 Rc7 23. Be4 Re7 0-1

[Event "Mexico City"]
[Site "Mexico City MEX"]
[Date "1981.??.??"]
[Round "?"]
[White "Nickoloff, Bryon"]
[Black "De Winter, Willy"]
[Result "1-0"]
[WhiteElo "2410"]
[BlackElo "2120"]
[PlyCount "51"]
[EventDate "1981.??.??"]
[EventCountry "MEX"]

1. e4 c5 2. Nf3 Nc6 3. Nc3 e6 4. d4 cxd4 5. Nxd4 Qc7 6. Be2 a6 7. O-O Nf6 8.
Be3 b5 9. a3 Ne5 10. f4 Nc4 11. Bxc4 bxc4 12. e5 Ng8 13. Qg4 g6 14. Rad1 Rb8
15. Ne4 Bb7 16. Nd6+ Bxd6 17. exd6 Qxd6 18. Nb5 Qc6 19. Nd6+ Ke7 20. Qh4+ f6
21. Rd2 c3 22. bxc3 Qxc3 23. Qf2 Kf8 24. Ba7 Qc7 25. Bxb8 Qxb8 26. Rb1 1-0

[Event "Mexico City"]
[Site "Mexico City MEX"]
[Date "1981.??.??"]
[Round "?"]
[White "Ocampo, Raul"]
[Black "Nickoloff, Bryon"]
[Result "0-1"]
[WhiteElo "2215"]
[BlackElo "2410"]
[PlyCount "54"]
[EventDate "1981.??.??"]
[EventCountry "MEX"]

1. e4 e6 2. d4 d5 3. e5 c5 4. c3 Nc6 5. Nf3 Qb6 6. Be2 cxd4 7. cxd4 Nh6 8. Nc3
Nf5 9. Na4 Qa5+ 10. Bd2 Bb4 11. Bc3 Bxc3+ 12. Nxc3 Qb6 13. Na4 Qb4+ 14. Kf1 b5
15. Nc3 Ncxd4 16. Nxd4 Nxd4 17. a3 Qxb2 18. Nxb5 Nxe2 19. Nc7+ Ke7 20. Rb1 Qxe5
21. Nxa8 Nc3 22. Qc2 Nxb1 23. Qxb1 Ba6+ 24. Kg1 Rb8 25. Qc1 Rxa8 26. Qc5+ Qd6
27. Qc3 Kf8 0-1